000
00288nam a2200121 a 4500
008
101022s1975|||| d
100
1
_a
Larionovová, Oľga
245
1
0
_a
Leopard z Kilimandžára
020
_c
12
041
_a
slo
260
_b
Tatran
_a
Bratislava
_c
1975
044
_a
xo
_c
SK
999
_c
12044
_d
12044